Catalog

Record Details

Catalog Search



Growing deep in the Christian life  Cover Image Book Book

Growing deep in the Christian life / Charles R. Swindoll

Record details

  • ISBN: 0-88070-154-4
  • Physical Description: 431 p.
  • Edition: 1st ed.
  • Publisher: Eugene, Oregon Multnomah Press 1986

Available copies

  • 1 of 1 copy available at Common Catalog SPOK.

Holds

  • 0 current holds with 1 total copy.
Show All Copies
Location Call Number / Copy Notes Barcode Shelving Location Status Due Date
ETS Library 230.044 424470005370 Volný výběr Available -

LDR 00657nam a2 00241
00142260
003CZ-PrJAB
00520040218000000.0
008031008s1986 xxu e |||| |eng
009us
020 . ‡a0-88070-154-4
035 . ‡a(CONS)3381
035 . ‡aKPS5114
041 . ‡aeng
08214. ‡a230.044
100 . ‡7654 ‡aSwindoll, Charles R.
245 . ‡aGrowing deep in the Christian life / ‡cCharles R. Swindoll
250 . ‡a1st ed.
260 . ‡aEugene, Oregon ‡bMultnomah Press ‡c1986
300 . ‡a431 p.
653 . ‡aGrowing deep in the Christian life
8524 . ‡bETS ‡bETS ‡cVolný výběr ‡j230.044 ‡gA ‡p424470005370
910 . ‡aABG450
999 . ‡a3381 ‡bAUTOGEN ‡c3381 ‡tbiblio
905 . ‡uadmin
901 . ‡a42260 ‡b ‡c42260 ‡tbiblio ‡sets

Additional Resources